Rajani Kanta Bardoloi jivan aru sahitya (Record no. 2699)

MARC details
000 -LEADER
fixed length control field 00503cam a2200193ua 4500
001 - CONTROL NUMBER
control field 2852
005 - DATE AND TIME OF LATEST TRANSACTION
control field 20260515113606.0
008 - FIXED-LENGTH DATA ELEMENTS--GENERAL INFORMATION
fixed length control field 110912n ii |||gr||||Z||||||asm
040 ## - CATALOGING SOURCE
Transcribing agency MAIN
082 ## - DEWEY DECIMAL CLASSIFICATION NUMBER
Classification number 920
100 1# - MAIN ENTRY--PERSONAL NAME
Personal name Goswami, Mandira,
Relator term Author.
245 11 - TITLE STATEMENT
Title Rajani Kanta Bardoloi jivan aru sahitya
Statement of responsibility, etc. by Mandira Goswami
250 ## - EDITION STATEMENT
Edition statement 1st.
260 ## - PUBLICATION, DISTRIBUTION, ETC.
Place of publication, distribution, etc. Dibrugarh:
Name of publisher, distributor, etc. Banalata,992.
300 ## - PHYSICAL DESCRIPTION
Extent 159p:
Dimensions 23cm.
653 ## - INDEX TERM--UNCONTROLLED
Uncontrolled term Biography
653 ## - INDEX TERM--UNCONTROLLED
Uncontrolled term Rajani Kanta Bardoloi jivan aru sahitya
942 ## - ADDED ENTRY ELEMENTS (KOHA)
Koha item type Books
Holdings
Withdrawn status Lost status Damaged status Not for loan Home library Current library Shelving location Date acquired Total checkouts Full call number Barcode Date last seen Date last checked out Copy number Price effective from Koha item type
        Naharkatiya College Library Naharkatiya College Library General stacks 09/19/2020 1 920 | GOS 7946 02/25/2023 02/15/2023 1 09/19/2020 Books
        Naharkatiya College Library Naharkatiya College Library General stacks 09/19/2020   920 | GOS 7947 09/19/2020   2 09/19/2020 Books